| 000 | 00000nam 2200000za 4500 |
| 001 | 9.843691 |
| 003 | CaOODSP |
| 005 | 20221107152559 |
| 007 | cr ||||||||||| |
| 008 | 170914s1963 onc |oi f|0| 0 eng d |
| 040 | |aCaOODSP|beng |
| 043 | |an-cn--- |
| 086 | 1 |aCS62-522/1963E-PDF |
| 245 | 00|aConsumer price indexes, 1913-61 |h[electronic resource]. |
| 260 | |aOttawa : |bDominion Bureau of Statistics, |c1963. |
| 300 | |a35 p. |
| 500 | |aDigitized edition from print [produced by Statistics Canada]. |
| 500 | |aCover title. |
| 504 | |aIncludes bibliographic references. |
| 520 | |a"This publication brings together a wide range of historical consumer price indexes with major series extending back to the year 1913 and indexes for individual items for the period 1949-61. It also covers the several variations in the classification of consumer price index components, a comparison of the movement of 1937-38 weighted and 1947-48 weighted indexes over the period 1949-61, a commodities-services classification back to 1935 and a comparison of the weighting diagrams of the 1937-38, 1947-48 and 1957 weighted indexes. In addition, the appendix contains in Table 2 a retail price series which gives some indication of price movement for the period 1900-13"--Preface. |
| 692 | 07|2gccst|aPrice indexes |
| 710 | 1 |aCanada. |bDominion Bureau of Statistics.|bPrices Division. |
| 856 | 40|qPDF|s8.01 MB|uhttps://publications.gc.ca/collections/collection_2017/statcan/CS62-522-1963-eng.pdf |
| 986 | |a62-522 |